|
|
|
|
| LEADER |
00000nab a2200000uu 4500 |
| 001 |
vtls011457304 |
| 003 |
SK-MaSNL |
| 005 |
20260303151632.0 |
| 008 |
230222|1971 xo |||||||||||||||||cze| |
| 015 |
|
|
|a SNBRB
|
| 035 |
|
|
|a (urnnbn)urn:nbn:sk:snk:ar-a09uck
|
| 035 |
|
|
|a (uuid)a5ec84f1-5c2c-4753-9bcd-427c89704cce
|
| 035 |
|
|
|a urn:nbn:sk:snk-abcrxb
|
| 040 |
|
|
|a SNKBUCL
|b slo
|c SNKBUCL
|e AACR2
|
| 041 |
0 |
|
|a cze
|
| 044 |
|
|
|a xo
|c SK
|
| 100 |
1 |
|
|a Šubart, F.
|4 aut
|9 1171441
|
| 245 |
1 |
0 |
|a Poznámka k určení integračního faktoru tepla
|c F. Šubart
|
| 773 |
0 |
|
|t Strojnícky časopis
|g Roč. 22, č. 5 (1971), s. 457-461
|
| 958 |
|
|
|a OND
|
| 958 |
|
|
|a EUIPO
|
| 958 |
|
|
|a article16
|
| 999 |
|
|
|c 2018682
|d 2020612
|